[Event "Wch Juvenil 2013 sub-14"]
[Site "Al-Ain UAE"]
[Date "2013.12.28"]
[Round "11.6"]
[White "Li, Di"]
[Black "Atabayev, Saparmyrat"]
[Result "1/2-1/2"]
[WhiteElo "2091"]
[BlackElo "2203"]
[PlyCount "65"]
[EventDate "2013.12.19"]
[EventType "swiss"]
[EventRounds "11"]
[EventCountry "UAE"]
[Source "lmi"]
[SourceDate "2013.12.19"]

1. d4 Nf6 2. c4 g6 3. Nc3 Bg7 4. e4 d6 5. Nf3 O-O 6. h3 e5 7. d5 Nh5 8. Nh2 Qe8
9. Be2 Nf4 10. Bf3 f5 11. g3 Nxh3 12. Bg2 fxe4 13. Be3 Qe7 14. Qd2 g5 15. Qe2
Nf4 16. gxf4 gxf4 17. Bd2 f3 18. Nxf3 exf3 19. Bxf3 Bf5 20. O-O-O Nd7 21. Be4
Nc5 22. Bxf5 Rxf5 23. Ne4 Qf7 24. Nxc5 dxc5 25. Qe4 Rh5 26. Be3 Rf8 27. Bxc5
Rxh1 28. Rxh1 Qf4+ 29. Qxf4 Rxf4 30. b3 b6 31. Be3 Rg4 32. Kd2 e4 33. a4
1/2-1/2

[Event "Wch Juvenil 2013 sub-14"]
[Site "Al-Ain UAE"]
[Date "2013.12.28"]
[Round "11.7"]
[White "Perske, Thore"]
[Black "Cori Quispe, Kevin"]
[Result "0-1"]
[WhiteElo "2164"]
[BlackElo "2259"]
[PlyCount "80"]
[EventDate "2013.12.19"]
[EventType "swiss"]
[EventRounds "11"]
[EventCountry "UAE"]
[Source "lmi"]
[SourceDate "2013.12.19"]

1. e4 c5 2. Nf3 d6 3. d4 cxd4 4. Nxd4 Nf6 5. Nc3 Nc6 6. h3 g6 7. Be3 Bg7 8. g4
O-O 9. Bg2 Bd7 10. O-O Rc8 11. Nxc6 Bxc6 12. Qd2 Re8 13. f4 Qa5 14. Rad1 Nd7
15. e5 Nb6 16. Qf2 Bxg2 17. Kxg2 Nc4 18. Bc1 dxe5 19. Rd5 Qc7 20. fxe5 e6 21.
Rdd1 Nxe5 22. Qxa7 Qc6+ 23. Kg3 Nc4 24. Qf2 f5 25. Qf3 Qc7+ 26. Kg2 Ne5 27. Qe2
Qc6+ 28. Kg1 Nf7 29. Rd3 Qc4 30. Rf4 Qa6 31. Ra4 Qc6 32. Qg2 Qc7 33. Be3 Ne5
34. Rd1 Nc4 35. Bc1 Nxb2 36. Bxb2 Qb6+ 37. Kh1 Qxb2 38. Ra7 Qxc3 39. Qxb7 Qxh3+
40. Kg1 Qxg4+ 0-1

[Event "Wch Juvenil 2013 sub-14"]
[Site "Al-Ain UAE"]
[Date "2013.12.28"]
[Round "11.7"]
[White "Pitkar, Ashutosh"]
[Black "Fernandez, Michael"]
[Result "0-1"]
[WhiteElo "1613"]
[BlackElo "1975"]
[PlyCount "46"]
[EventDate "2013.12.19"]
[EventType "swiss"]
[EventRounds "11"]
[EventCountry "UAE"]
[Source "lmi"]
[SourceDate "2013.12.19"]

1. e4 c5 2. Nf3 d6 3. d4 cxd4 4. Nxd4 Nf6 5. Nc3 g6 6. Be3 a6 7. f3 b5 8. Qd2
Bb7 9. a4 e5 10. Nb3 b4 11. Nd5 Nxd5 12. exd5 Qc7 13. a5 Nd7 14. Ra4 Nf6 15.
Rxb4 Nxd5 16. Rc4 Qd7 17. Bb6 Bc6 18. Bd3 Nxb6 19. axb6 d5 20. Nc5 Qd8 21. Rc3
Qxb6 22. Qe3 Bd6 23. Qf2 Qxb2 0-1

[Event "Wch Juvenil 2013 sub-14"]
[Site "Al-Ain UAE"]
[Date "2013.12.28"]
[Round "11.8"]
[White "Lau, Jason"]
[Black "Rafili, Said Elchin"]
[Result "1/2-1/2"]
[WhiteElo "1888"]
[BlackElo "1611"]
[PlyCount "65"]
[EventDate "2013.12.19"]
[EventType "swiss"]
[EventRounds "11"]
[EventCountry "UAE"]
[Source "lmi"]
[SourceDate "2013.12.19"]

1. e4 c6 2. d4 d5 3. e5 c5 4. dxc5 Nc6 5. Bb5 Bf5 6. Nf3 e6 7. Be3 Nge7 8. c3
a5 9. O-O Ng6 10. Bd4 Be7 11. Nbd2 O-O 12. Re1 Qc7 13. h3 Nf4 14. Nf1 Na7 15.
Be2 Bxc5 16. Ng3 Bg6 17. Bf1 h6 18. Nh2 Bh7 19. h4 Ng6 20. h5 Nh4 21. Bd3 Bxd4
22. Bxh7+ Kxh7 23. Qxd4 Qe7 24. f4 Nc6 25. Qd3+ Kh8 26. Ng4 Rad8 27. a3 d4 28.
c4 Qd7 29. Nf2 Ne7 30. Nfe4 Nef5 31. Nxf5 Nxf5 32. Rad1 Qe7 33. g3 1/2-1/2

[Event "Wch Juvenil 2013 sub-14"]
[Site "Al-Ain UAE"]
[Date "2013.12.28"]
[Round "11.8"]
[White "Meunier, Clement"]
[Black "Liu, Yan"]
[Result "0-1"]
[WhiteElo "2113"]
[BlackElo "2256"]
[PlyCount "82"]
[EventDate "2013.12.19"]
[EventType "swiss"]
[EventRounds "11"]
[EventCountry "UAE"]
[Source "lmi"]
[SourceDate "2013.12.19"]

1. d4 Nf6 2. c4 g6 3. Nc3 Bg7 4. e4 d6 5. Nf3 O-O 6. Be2 Nbd7 7. O-O e5 8. Be3
c6 9. dxe5 dxe5 10. b4 a5 11. a3 Nh5 12. g3 Qe7 13. Qb3 f5 14. exf5 gxf5 15.
c5+ Kh8 16. Bg5 Qe8 17. Nh4 e4 18. f3 axb4 19. axb4 Rxa1 20. Rxa1 Qe5 21. Rc1
Nxg3 22. f4 Nxe2+ 23. Nxe2 Qe8 24. Ng3 Nb8 25. Rd1 Be6 26. Qc2 Qf7 27. Rd6 Na6
28. Qg2 Nxb4 29. Qh3 e3 30. Nf3 Rg8 31. Qh4 Nd5 32. Kf1 Ra8 33. Nh5 Bc3 34.
Rd8+ Rxd8 35. Bxd8 Qg6 36. Ng3 Qg4 37. Qxg4 fxg4 38. Ng5 Nxf4 39. Nxe6 Nxe6 40.
Be7 Bd4 41. Ne4 Kg7 0-1

[Event "Wch Juvenil 2013 sub-14"]
[Site "Al-Ain UAE"]
[Date "2013.12.28"]
[Round "11.9"]
[White "Hoon, Gideon Jakobus"]
[Black "Isakzhanov, Aibek"]
[Result "0-1"]
[WhiteElo "1569"]
[BlackElo "1807"]
[PlyCount "55"]
[EventDate "2013.12.19"]
[EventType "swiss"]
[EventRounds "11"]
[EventCountry "UAE"]
[Source "lmi"]
[SourceDate "2013.12.19"]

1. e4 c5 2. Nc3 e6 3. f4 g6 4. Nf3 Bg7 5. g3 Nc6 6. d3 Nge7 7. Bg2 O-O 8. O-O
d5 9. Ne2 Qb6 10. c3 Rd8 11. e5 d4 12. cxd4 Nxd4 13. Nexd4 cxd4 14. Nd2 Nd5 15.
Ne4 Bd7 16. g4 Ne3 17. Bxe3 dxe3 18. Qe2 Bb5 19. Rfd1 Qd4 20. Nd6 Rxd6 21. exd6
Qxd6 22. Bxb7 Rb8 23. Be4 Qxf4 24. Rf1 Qxe4 25. dxe4 Bxe2 26. Rfe1 Bxg4 27. Kg2
e2 28. Kg3 0-1

[Event "Wch Juvenil 2013 sub-14"]
[Site "Al-Ain UAE"]
[Date "2013.12.28"]
[Round "11.9"]
[White "Nigmatov, Ortik"]
[Black "Theodorou, Nikolas"]
[Result "1/2-1/2"]
[WhiteElo "2023"]
[BlackElo "2238"]
[PlyCount "126"]
[EventDate "2013.12.19"]
[EventType "swiss"]
[EventRounds "11"]
[EventCountry "UAE"]
[Source "lmi"]
[SourceDate "2013.12.19"]

1. e4 c5 2. Nf3 e6 3. d4 cxd4 4. Nxd4 Nc6 5. Nc3 Qc7 6. Be3 a6 7. Bd3 Nf6 8.
O-O Bd6 9. h3 Nxd4 10. Bxd4 Bc5 11. Be2 d6 12. Qd3 b5 13. a3 O-O 14. Rad1 e5
15. Bxc5 dxc5 16. Qe3 Bb7 17. Rd2 Rfd8 18. Rfd1 Rd4 19. f3 Rad8 20. Nb1 Nh5 21.
c3 Rxd2 22. Rxd2 Nf4 23. Kf2 h5 24. Rxd8+ Qxd8 25. Bf1 Ne6 26. Nd2 h4 27. Ke1
Bc6 28. Kf2 g6 29. Ke1 Kg7 30. Kf2 Nf4 31. Ke1 Qe7 32. Kd1 Bd7 33. Kc2 Be6 34.
b3 f6 35. Qf2 g5 36. Qe3 Bf7 37. Qf2 Ne6 38. g3 hxg3 39. Qxg3 b4 40. Bc4 bxc3
41. Kxc3 Nd4 42. Qf2 Bxc4 43. Nxc4 Qb7 44. Nd2 Qd7 45. Qe3 Qxh3 46. Qd3 a5 47.
a4 Kh6 48. Qa6 Kg6 49. Qa8 Qe6 50. Qxa5 Nxf3 51. Nxf3 Qh3 52. Qxc5 Qxf3+ 53.
Kd2 g4 54. Qe3 Qg2+ 55. Qe2 Qg1 56. a5 Qd4+ 57. Ke1 Qa1+ 58. Kf2 Qxa5 59. Qxg4+
Kf7 60. Qd7+ Kf8 61. Qd6+ Kg7 62. Qd7+ Kh6 63. Qh3+ Kg7 1/2-1/2

[Event "Wch Juvenil 2013 sub-14"]
[Site "Al-Ain UAE"]
[Date "2013.12.28"]
[Round "11.10"]
[White "Pranav, Vijay"]
[Black "Shahaliyev, Ismayil Bahram"]
[Result "1-0"]
[WhiteElo "2224"]
[BlackElo "2091"]
[PlyCount "133"]
[EventDate "2013.12.19"]
[EventType "swiss"]
[EventRounds "11"]
[EventCountry "UAE"]
[Source "lmi"]
[SourceDate "2013.12.19"]

1. d4 Nf6 2. c4 c5 3. d5 e6 4. Nc3 exd5 5. cxd5 d6 6. Nf3 g6 7. g3 Bg7 8. Bg2
O-O 9. O-O Na6 10. Nd2 Nc7 11. a4 b6 12. Nc4 Ba6 13. Qb3 Qd7 14. Bf4 Bxc4 15.
Qxc4 a6 16. Ne4 Nxe4 17. Qxe4 b5 18. Qc2 Rab8 19. e4 Qe7 20. Rfe1 g5 21. Bd2
bxa4 22. Bc3 Bxc3 23. bxc3 f6 24. Qxa4 Rb6 25. Rab1 Rfb8 26. Rxb6 Rxb6 27. f4
Qg7 28. Qc2 Nb5 29. Qb3 Qc7 30. fxg5 fxg5 31. Qd1 Qe7 32. Qd2 Rb8 33. e5 dxe5
34. Bh3 Kg7 35. Be6 h6 36. Qe3 Qd6 37. Rb1 c4 38. Rb4 Qb6 39. Qxb6 Rxb6 40.
Rxc4 Kf6 41. Rb4 Rd6 42. c4 Nd4 43. c5 Rd8 44. Rxd4 exd4 45. c6 Ke5 46. c7 Rf8
47. c8=Q Rxc8 48. Bxc8 a5 49. Bd7 Kxd5 50. Kf2 Ke4 51. Bc6+ Kd3 52. Bb5+ Kd2
53. Kf3 d3 54. Ke4 Ke1 55. Kxd3 Kf2 56. g4 Kg2 57. Be8 Kxh2 58. Bh5 Kg3 59. Kc4
Kf4 60. Kb5 Ke5 61. Kxa5 Kd6 62. Kb4 Kd5 63. Kb5 Kd6 64. Kb6 Kd7 65. Kc5 Ke6
66. Kc6 Ke7 67. Kd5 1-0

[Event "Wch Juvenil 2013 sub-14"]
[Site "Al-Ain UAE"]
[Date "2013.12.28"]
[Round "11.10"]
[White "Roos, Daniel"]
[Black "Yasser, Mark"]
[Result "1/2-1/2"]
[WhiteElo "1597"]
[BlackElo "1750"]
[PlyCount "71"]
[EventDate "2013.12.19"]
[EventType "swiss"]
[EventRounds "11"]
[EventCountry "UAE"]
[Source "lmi"]
[SourceDate "2013.12.19"]

1. e4 c6 2. d4 d5 3. Nc3 dxe4 4. Nxe4 Bf5 5. Ng3 Bg6 6. h4 h6 7. Nf3 Nd7 8. h5
Bh7 9. Bd3 Bxd3 10. Qxd3 Qc7 11. Bd2 e6 12. O-O-O O-O-O 13. Qe2 Bd6 14. Ne4 Bf4
15. g3 Bxd2+ 16. Nfxd2 Ngf6 17. Nxf6 Nxf6 18. Ne4 Rd5 19. c4 Rd7 20. Nxf6 gxf6
21. Qg4 Rhd8 22. Kb1 Qb6 23. d5 cxd5 24. cxd5 Rxd5 25. Rxd5 Rxd5 26. Qg8+ Qd8
27. Rc1+ Kb8 28. Qxf7 Rd1 29. Qg6 f5 30. Qxh6 Qd3+ 31. Ka1 Qc2 32. Qf8+ Kc7 33.
Qe7+ Kb6 34. Qxe6+ Ka5 35. b4+ Kxb4 36. Qe7+ 1/2-1/2

[Event "Wch Juvenil 2013 sub-14"]
[Site "Al-Ain UAE"]
[Date "2013.12.28"]
[Round "11.11"]
[White "Kozusek, Daniel"]
[Black "Santos Ruiz, Miguel"]
[Result "1/2-1/2"]
[WhiteElo "2090"]
[BlackElo "2307"]
[PlyCount "47"]
[EventDate "2013.12.19"]
[EventType "swiss"]
[EventRounds "11"]
[EventCountry "UAE"]
[Source "lmi"]
[SourceDate "2013.12.19"]

1. e4 e6 2. d4 d5 3. Nd2 Nc6 4. Ngf3 Nf6 5. e5 Nd7 6. Bb5 a6 7. Bxc6 bxc6 8.
Nb3 c5 9. Bg5 Be7 10. Na5 Nxe5 11. Nxe5 Bxg5 12. dxc5 c6 13. b4 Qc7 14. Qe2 O-O
15. O-O Bd7 16. f4 Bh6 17. Rae1 g6 18. Rf3 Rfe8 19. Nb3 f6 20. Nd3 Re7 21. g3
Rae8 22. Re3 Bc8 23. c3 e5 24. a4 1/2-1/2

[Event "Wch Juvenil 2013 sub-14"]
[Site "Al-Ain UAE"]
[Date "2013.12.28"]
[Round "11.11"]
[White "Ng, Chi Tou"]
[Black "Noori, Sabah Nori"]
[Result "1/2-1/2"]
[WhiteElo "1475"]
[BlackElo "1742"]
[PlyCount "54"]
[EventDate "2013.12.19"]
[EventType "swiss"]
[EventRounds "11"]
[EventCountry "UAE"]
[Source "lmi"]
[SourceDate "2013.12.19"]

1. e4 e5 2. Nf3 Nf6 3. Nxe5 d6 4. Nf3 Nxe4 5. Nc3 Nxc3 6. dxc3 Be7 7. Bd3 O-O
8. O-O Bg4 9. Be3 Nc6 10. Be2 Bf6 11. Nd4 Bxe2 12. Qxe2 Nxd4 13. Bxd4 Bxd4 14.
cxd4 Re8 15. Qd2 Qd7 16. Rfe1 d5 17. c3 c6 18. f3 h6 19. Rxe8+ Rxe8 20. Re1 Re6
21. Kf2 Qe7 22. Rxe6 Qxe6 23. Qf4 Qg6 24. Qb8+ Kh7 25. Qxb7 Qc2+ 26. Kg3 Qg6+
27. Kf2 Qc2+ 1/2-1/2

[Event "Wch Juvenil 2013 sub-14"]
[Site "Al-Ain UAE"]
[Date "2013.12.28"]
[Round "11.12"]
[White "Chow, Colin"]
[Black "Martinez Alcantara, Jose Eduar"]
[Result "1/2-1/2"]
[WhiteElo "2114"]
[BlackElo "2301"]
[PlyCount "66"]
[EventDate "2013.12.19"]
[EventType "swiss"]
[EventRounds "11"]
[EventCountry "UAE"]
[Source "lmi"]
[SourceDate "2013.12.19"]

1. e4 c5 2. Nf3 d6 3. Bb5+ Nc6 4. O-O Bd7 5. c3 Nf6 6. Qe2 a6 7. Ba4 b5 8. Bc2
Bg4 9. h3 Bxf3 10. Qxf3 g6 11. d3 Bg7 12. Be3 O-O 13. Nd2 Nd7 14. Qe2 Qc7 15.
Nf3 e6 16. d4 Rfc8 17. Rac1 Qb7 18. Bb1 cxd4 19. cxd4 Ne7 20. Qd2 Nf6 21. Bg5
Rxc1 22. Rxc1 d5 23. Bxf6 Bxf6 24. Qf4 Bg7 25. Rc7 Qb8 26. Ng5 Qe8 27. Qh4 Rc8
28. Qxh7+ Kf8 29. Rc3 Rxc3 30. bxc3 Qc6 31. Qh4 Kg8 32. Qh7+ Kf8 33. Qh4 Kg8
1/2-1/2

[Event "Wch Juvenil 2013 sub-14"]
[Site "Al-Ain UAE"]
[Date "2013.12.28"]
[Round "11.12"]
[White "Lynch, Justin"]
[Black "Liebert, Erwin"]
[Result "0-1"]
[WhiteElo "1725"]
[BlackElo "1526"]
[PlyCount "42"]
[EventDate "2013.12.19"]
[EventType "swiss"]
[EventRounds "11"]
[EventCountry "UAE"]
[Source "lmi"]
[SourceDate "2013.12.19"]

1. d4 d5 2. c4 c6 3. e3 Nf6 4. Nc3 e6 5. Nf3 Nbd7 6. cxd5 cxd5 7. Bd3 a6 8. O-O
Bd6 9. Bd2 b5 10. a4 b4 11. Na2 a5 12. Qe2 e5 13. dxe5 Nxe5 14. Bb5+ Bd7 15.
Nxe5 Bxe5 16. Rab1 O-O 17. Nc1 Bf5 18. Nd3 Bxh2+ 19. Kxh2 Ng4+ 20. Kg3 Qg5 21.
e4 Ne3+ 0-1

[Event "Wch Juvenil 2013 sub-14"]
[Site "Al-Ain UAE"]
[Date "2013.12.28"]
[Round "11.13"]
[White "Tokranovs, Dmitrijs"]
[Black "Muthaiah, Al"]
[Result "0-1"]
[WhiteElo "2273"]
[BlackElo "2092"]
[PlyCount "94"]
[EventDate "2013.12.19"]
[EventType "swiss"]
[EventRounds "11"]
[EventCountry "UAE"]
[Source "lmi"]
[SourceDate "2013.12.19"]

1. e4 c5 2. c3 d5 3. exd5 Qxd5 4. d4 Nc6 5. Nf3 e5 6. dxe5 Qxd1+ 7. Kxd1 Bg4 8.
Bf4 Nge7 9. Bb5 O-O-O+ 10. Nbd2 Ng6 11. Bg5 Bxf3+ 12. gxf3 Be7 13. Bxe7 Ncxe7
14. Re1 Nh4 15. Kc2 Neg6 16. Re4 Nxe5 17. f4 Neg6 18. Bc4 f5 19. Re3 Nxf4 20.
Nb3 b6 21. a4 Rhe8 22. Rg3 g6 23. a5 Re7 24. axb6 axb6 25. Ra8+ Kc7 26. Ra7+
Kd6 27. Ra6 Rb8 28. Nd2 Kc7 29. Bb5 Nhg2 30. b4 h5 31. Bf1 h4 32. Rxg2 Nxg2 33.
Bxg2 cxb4 34. cxb4 Re2 35. Ra7+ Kd6 36. Rg7 Rxf2 37. Rxg6+ Ke7 38. Kc3 Kf7 39.
Rg5 Kf6 40. Rh5 Rxg2 41. Rxh4 Rc8+ 42. Rc4 Rgg8 43. b5 Ke5 44. Kd3 Rgd8+ 45.
Ke3 f4+ 46. Kf3 Rd3+ 47. Kg4 Rg8+ 0-1

[Event "Wch Juvenil 2013 sub-14"]
[Site "Al-Ain UAE"]
[Date "2013.12.28"]
[Round "11.14"]
[White "Shtembuliak, Evgeny"]
[Black "Petrov, Vladimir Sergeev"]
[Result "1-0"]
[WhiteElo "2263"]
[BlackElo "2076"]
[PlyCount "125"]
[EventDate "2013.12.19"]
[EventType "swiss"]
[EventRounds "11"]
[EventCountry "UAE"]
[Source "lmi"]
[SourceDate "2013.12.19"]

1. b3 e5 2. Bb2 Nc6 3. e3 d5 4. Bb5 Bd6 5. Nf3 Qe7 6. c4 dxc4 7. bxc4 Bd7 8.
O-O Nf6 9. c5 Bxc5 10. Bxc6 Bxc6 11. Nxe5 Bb5 12. Re1 O-O 13. d4 Bd6 14. Nc3
Ba6 15. Nf3 Ne4 16. Qc2 f5 17. a4 c6 18. Ba3 Bxa3 19. Qb3+ Kh8 20. Qxa3 Qe6 21.
Ne5 Rae8 22. f3 Nd6 23. Rab1 Nf7 24. f4 Nd6 25. a5 Bc4 26. Na4 Bd5 27. Nc5 Qe7
28. Qb4 Nb5 29. Rec1 Rf6 30. Na4 Nd6 31. Nc3 Rh6 32. Nxd5 cxd5 33. Qc5 Qh4 34.
Nf3 Qe7 35. Rb3 Nc4 36. Qxe7 Rxe7 37. Ne5 Rc7 38. Rb5 Rd6 39. Nxc4 dxc4 40.
Rxf5 Kg8 41. Kf2 g6 42. Rb5 b6 43. Rc3 bxa5 44. Rxa5 Rdc6 45. Ra4 Kf7 46. d5
Rc5 47. e4 Ke7 48. Ke3 Kd7 49. Kd4 Rb5 50. Raxc4 Rcb7 51. e5 Rb2 52. Rc2 Rb1
53. e6+ Kd6 54. Rc6+ Ke7 55. Rc7+ Kd8 56. Rc8+ Ke7 57. R2c7+ Kd6 58. Rxb7 Rxb7
59. Rc6+ Ke7 60. Ke5 Rb2 61. d6+ Kd8 62. e7+ Kd7 63. Rc7+ 1-0

[Event "Wch Juvenil 2013 sub-14"]
[Site "Al-Ain UAE"]
[Date "2013.12.28"]
[Round "11.15"]
[White "Boldoo, Erdenepurev"]
[Black "Baskin, Robert"]
[Result "0-1"]
[WhiteElo "2072"]
[BlackElo "2190"]
[PlyCount "66"]
[EventDate "2013.12.19"]
[EventType "swiss"]
[EventRounds "11"]
[EventCountry "UAE"]
[Source "lmi"]
[SourceDate "2013.12.19"]

1. d4 Nf6 2. c4 g6 3. Nc3 Bg7 4. e4 d6 5. Be2 O-O 6. Nf3 e5 7. O-O exd4 8. Nxd4
Re8 9. f3 c6 10. Kh1 Nbd7 11. Bg5 h6 12. Bf4 Nh5 13. Bxd6 Qf6 14. Nc2 Nf4 15.
Re1 Nxe2 16. Rxe2 Ne5 17. Ne3 Be6 18. c5 h5 19. Rf2 Rad8 20. Qf1 Qf4 21. Qe2 h4
22. Rg1 Bh6 23. Nf1 Rxd6 24. cxd6 Bc4 25. Qd2 Nd3 26. Re2 h3 27. Ne3 hxg2+ 28.
Kxg2 Ne5 29. Rge1 Nxf3 30. Rf1 Nxd2 31. Rxf4 Bxf4 32. Rxd2 Bxe3 33. Rd1 Bf4 0-1

[Event "Wch Juvenil 2013 sub-14"]
[Site "Al-Ain UAE"]
[Date "2013.12.28"]
[Round "11.16"]
[White "Marek, Matyas"]
[Black "Lopez Mulet, Iñigo"]
[Result "1-0"]
[WhiteElo "2055"]
[BlackElo "2151"]
[PlyCount "85"]
[EventDate "2013.12.19"]
[EventType "swiss"]
[EventRounds "11"]
[EventCountry "UAE"]
[Source "lmi"]
[SourceDate "2013.12.19"]

1. e4 c5 2. Nf3 e6 3. d4 cxd4 4. Nxd4 Nc6 5. Nc3 Qc7 6. Be2 a6 7. Be3 Nf6 8. a3
Ne5 9. O-O b5 10. f4 Nc4 11. Bc1 Bb7 12. e5 Nd5 13. Nxd5 Bxd5 14. b3 Nb6 15.
Qd3 d6 16. Bb2 dxe5 17. fxe5 Bc5 18. Qg3 O-O-O 19. Rfd1 f6 20. Kh1 Qxe5 21.
Qxe5 fxe5 22. Nf3 e4 23. Ng5 Rhf8 24. Bg4 Kb7 25. Bxe6 Bxe6 26. Nxe6 Rxd1+ 27.
Rxd1 Rf5 28. g4 Bxa3 29. Bxa3 Re5 30. Nd8+ Kc8 31. Nc6 Re6 32. Nd4 Rg6 33. h3
h5 34. Nf5 Kb8 35. gxh5 Rg5 36. Bd6+ Kb7 37. Ng3 e3 38. Bf4 Rc5 39. Bxe3 Rxc2
40. Nf5 Rc3 41. Rd6 Rxb3 42. Rxb6+ Kc7 43. Rxa6 1-0

[Event "Wch Juvenil 2013 sub-14"]
[Site "Al-Ain UAE"]
[Date "2013.12.28"]
[Round "11.17"]
[White "Litvinov, Maxim"]
[Black "Papadopoulos, Argirios"]
[Result "1-0"]
[WhiteElo "2144"]
[BlackElo "2005"]
[PlyCount "71"]
[EventDate "2013.12.19"]
[EventType "swiss"]
[EventRounds "11"]
[EventCountry "UAE"]
[Source "lmi"]
[SourceDate "2013.12.19"]

1. e4 c5 2. Nf3 e6 3. g3 a6 4. Bg2 d6 5. O-O Qc7 6. Qe2 Nf6 7. c3 Be7 8. d4 e5
9. Nbd2 O-O 10. a4 b6 11. dxe5 dxe5 12. Nc4 Nc6 13. Rd1 Bb7 14. Ne3 Na5 15. Nd5
Nxd5 16. exd5 f6 17. Nh4 f5 18. Nf3 Nb3 19. Qc4 Na5 20. d6+ Nxc4 21. dxc7 e4
22. Ng5 Nxb2 23. Rd7 Bxg5 24. Bxg5 Bc8 25. Rd8 Kf7 26. f3 h6 27. Bf4 Be6 28.
Rxa8 Rxa8 29. fxe4 fxe4 30. Bxe4 Rg8 31. Bd6 Re8 32. Bc6 Rc8 33. Bb7 Re8 34.
Rf1+ Kg8 35. Re1 Kf7 36. Bd5 1-0

[Event "Wch Juvenil 2013 sub-14"]
[Site "Al-Ain UAE"]
[Date "2013.12.28"]
[Round "11.18"]
[White "Liu, Xiangyi"]
[Black "Zhao, Juncheng"]
[Result "1-0"]
[WhiteElo "2136"]
[BlackElo "1963"]
[PlyCount "95"]
[EventDate "2013.12.19"]
[EventType "swiss"]
[EventRounds "11"]
[EventCountry "UAE"]
[Source "lmi"]
[SourceDate "2013.12.19"]

1. e4 e6 2. Nf3 d5 3. e5 c5 4. g3 Nc6 5. Bg2 Qc7 6. Qe2 Nge7 7. O-O Nf5 8. c3
g6 9. d3 Bg7 10. Bf4 O-O 11. Nbd2 b6 12. Rfd1 Ba6 13. h4 b5 14. Nb3 Na5 15. d4
Nb7 16. Bh3 Qc6 17. Bxf5 exf5 18. dxc5 Nxc5 19. Nfd4 Qb6 20. Nxc5 Qxc5 21. Qe3
Qb6 22. Bh6 Rfe8 23. Bxg7 Kxg7 24. h5 f6 25. e6 Qd6 26. Re1 Rab8 27. Kg2 b4 28.
hxg6 hxg6 29. Rh1 Rh8 30. Rae1 Qe7 31. cxb4 Bb7 32. Qf4 Rbc8 33. Rxh8 Rxh8 34.
Rc1 Rc8 35. b5 Rxc1 36. Qxc1 Qd6 37. Qe3 Qe5 38. Kf1 Qe4 39. Qxe4 fxe4 40. Nc6
Kf8 41. Ke2 d4 42. Nxd4 Ke7 43. Nc6+ Bxc6 44. bxc6 Kxe6 45. b4 Kd6 46. b5 f5
47. Ke3 g5 48. g4 1-0

[Event "Wch Juvenil 2013 sub-14"]
[Site "Al-Ain UAE"]
[Date "2013.12.28"]
[Round "11.19"]
[White "Tomczak, Mikolaj"]
[Black "Isaev, Chingys"]
[Result "1/2-1/2"]
[WhiteElo "2133"]
[BlackElo "1834"]
[PlyCount "121"]
[EventDate "2013.12.19"]
[EventType "swiss"]
[EventRounds "11"]
[EventCountry "UAE"]
[Source "lmi"]
[SourceDate "2013.12.19"]

1. d4 d5 2. c4 e6 3. Nc3 Be7 4. Nf3 Nf6 5. cxd5 exd5 6. Bg5 c6 7. Qc2 g6 8. e3
Bf5 9. Bd3 Bxd3 10. Qxd3 Nbd7 11. O-O O-O 12. Rab1 a5 13. Qc2 Re8 14. Rfc1 Bd6
15. a3 Qe7 16. h3 Kg7 17. Ne2 Rec8 18. Bf4 Ne4 19. Bxd6 Nxd6 20. Nf4 a4 21. Nd2
Nf6 22. Qc5 Kf8 23. Nd3 Nfe4 24. Nxe4 Nxe4 25. Qc2 Nd6 26. Nc5 b5 27. b3 axb3
28. Rxb3 Nc4 29. a4 bxa4 30. Rb7 Rc7 31. Rxc7 Qxc7 32. Nxa4 Qa5 33. Nc5 Kg7 34.
Qe2 Rb8 35. Qf3 Rb2 36. Nd3 Ra2 37. Ne5 Qc7 38. Nxc4 dxc4 39. g4 Ra4 40. Qe2
Qa5 41. Qc2 Qb5 42. Kg2 Rb4 43. e4 h5 44. Qc3 f6 45. Qg3 Rb2 46. Qc7+ Kh6 47.
gxh5 Rxf2+ 48. Kxf2 Qb2+ 49. Kf3 Qxc1 50. hxg6 Qf1+ 51. Ke3 Qxh3+ 52. Kf2 Qh4+
53. Kf3 Qh5+ 54. Kf2 Kxg6 55. Qxc6 Qh2+ 56. Kf3 Qh3+ 57. Kf4 Qf1+ 58. Kg4 Qg2+
59. Kf4 Qd2+ 60. Kg4 Qe2+ 61. Kf4 1/2-1/2

[Event "Wch Juvenil 2013 sub-14"]
[Site "Al-Ain UAE"]
[Date "2013.12.28"]
[Round "11.20"]
[White "Foziljonov, Khojiakbar"]
[Black "Dolana, Andrei-Theodor"]
[Result "0-1"]
[WhiteElo "1801"]
[BlackElo "2210"]
[PlyCount "90"]
[EventDate "2013.12.19"]
[EventType "swiss"]
[EventRounds "11"]
[EventCountry "UAE"]
[Source "lmi"]
[SourceDate "2013.12.19"]

1. e4 e5 2. Nf3 Nc6 3. Bc4 Bc5 4. O-O d6 5. c3 Nf6 6. d3 O-O 7. Nbd2 a6 8. Bb3
Ba7 9. h3 Ne7 10. Re1 Ng6 11. Nf1 Nh5 12. Bg5 Qe8 13. Nh4 Ngf4 14. Nf5 g6 15.
Ne7+ Kg7 16. Nxc8 Rxc8 17. Ne3 f5 18. exf5 gxf5 19. Nd5 Nxd5 20. Bxd5 Qg6 21.
Qd2 f4 22. Be7 Rfe8 23. Be4 Qh6 24. Bh4 Ng3 25. Bxg3 fxg3 26. Qxh6+ Kxh6 27.
Re2 Bxf2+ 28. Kh1 c6 29. c4 Rcd8 30. Rc1 Re7 31. Bf3 Kg5 32. Re4 Kf5 33. Bg4+
Kf6 34. Be2 d5 35. Rh4 e4 36. Rf4+ Ke5 37. Rxf2 gxf2 38. Rf1 Rf7 39. g4 Kd4 40.
dxe4 dxe4 41. Kg2 Ke3 42. Bd1 Rxd1 43. Rxd1 f1=Q+ 44. Rxf1 Rxf1 45. Kxf1 Kd2
0-1

[Event "Wch Juvenil 2013 sub-14"]
[Site "Al-Ain UAE"]
[Date "2013.12.28"]
[Round "11.21"]
[White "Aravindh, Chithambaram Vr"]
[Black "Kazakovskiy, Valeriy"]
[Result "1/2-1/2"]
[WhiteElo "2415"]
[BlackElo "2023"]
[PlyCount "43"]
[EventDate "2013.12.19"]
[EventType "swiss"]
[EventRounds "11"]
[EventCountry "UAE"]
[Source "lmi"]
[SourceDate "2013.12.19"]

1. e4 e5 2. Nf3 Nc6 3. Bb5 a6 4. Ba4 Nf6 5. d3 b5 6. Bb3 Be7 7. Nbd2 d6 8. c3
O-O 9. O-O h6 10. Re1 Re8 11. Nf1 Bf8 12. a4 Bb7 13. Ng3 g6 14. d4 Bg7 15. d5
Na5 16. Ba2 c6 17. dxc6 Bxc6 18. axb5 axb5 19. Bb1 Qc7 20. Nh4 d5 21. exd5 Bxd5
22. Ne4 1/2-1/2

[Event "Wch Juvenil 2013 sub-14"]
[Site "Al-Ain UAE"]
[Date "2013.12.28"]
[Round "11.22"]
[White "Mesaros, Florian"]
[Black "Fawzy, Adham"]
[Result "0-1"]
[WhiteElo "2196"]
[BlackElo "2013"]
[PlyCount "84"]
[EventDate "2013.12.19"]
[EventType "swiss"]
[EventRounds "11"]
[EventCountry "UAE"]
[Source "lmi"]
[SourceDate "2013.12.19"]

1. e4 c5 2. Nf3 Nc6 3. d4 cxd4 4. Nxd4 Nf6 5. Nc3 e5 6. Ndb5 a6 7. Nd6+ Bxd6 8.
Qxd6 Qe7 9. Qxe7+ Nxe7 10. Bd3 b5 11. O-O Bb7 12. f3 O-O 13. Bd2 d6 14. a4 b4
15. Nd1 a5 16. Ne3 d5 17. exd5 Nfxd5 18. Nc4 Nc6 19. Rfe1 f6 20. Nd6 Ba6 21.
Be4 Nde7 22. c4 Rad8 23. c5 f5 24. Bxc6 Nxc6 25. Rad1 h6 26. h4 Rd7 27. Be3 Re7
28. Rd5 Re6 29. Bf4 b3 30. Nb5 Nb4 31. Rd7 Bc8 32. Nc7 Bxd7 33. Nxe6 Bxe6 34.
Rxe5 Bd7 35. Re7 Rf7 36. Re2 Bxa4 37. Bd2 Bb5 38. Re6 Nc6 39. Bc3 a4 40. h5 Rd7
41. Kh2 Rd3 42. Be1 a3 0-1

[Event "Wch Juvenil 2013 sub-14"]
[Site "Al-Ain UAE"]
[Date "2013.12.28"]
[Round "11.23"]
[White "Sevgi, Volkan"]
[Black "Thybo, Jesper Sondergaard"]
[Result "1-0"]
[WhiteElo "2007"]
[BlackElo "2147"]
[PlyCount "63"]
[EventDate "2013.12.19"]
[EventType "swiss"]
[EventRounds "11"]
[EventCountry "UAE"]
[Source "lmi"]
[SourceDate "2013.12.19"]

1. e4 c6 2. Nc3 d5 3. Nf3 Bg4 4. h3 Bh5 5. exd5 cxd5 6. g4 Bg6 7. Bb5+ Nc6 8.
Ne5 Rc8 9. d4 e6 10. h4 f6 11. Nxg6 hxg6 12. Bd3 Kf7 13. h5 gxh5 14. gxh5 f5
15. Ne2 Bd6 16. c3 Qc7 17. Ng1 Nf6 18. Nf3 Bf4 19. Rh4 Ng4 20. Ng5+ Bxg5 21.
Bxg5 Na5 22. Rxg4 fxg4 23. Bg6+ Kg8 24. Qxg4 Qb6 25. Kf1 Rf8 26. Re1 Rf5 27.
Bxf5 exf5 28. Qxf5 Qb5+ 29. c4 Nxc4 30. Qe6+ Kf8 31. Qc8+ Kf7 32. Re7# 1-0